Population economics / (Record no. 26943)
[ view plain ]
| 000 -LEADER | |
|---|---|
| fixed length control field | 02105nam a22002775a 4500 |
| 005 - DATE AND TIME OF LATEST TRANSACTION | |
| control field | 20181104102508.0 |
| 008 - FIXED-LENGTH DATA ELEMENTS--GENERAL INFORMATION | |
| fixed length control field | 181104t1995 maua frb 001 0 eng d |
| 020 ## - INTERNATIONAL STANDARD BOOK NUMBER | |
| International Standard Book Number | 9780262517225 |
| 040 ## - CATALOGING SOURCE | |
| Original cataloging agency | EG-ScBUE |
| Language of cataloging | eng |
| Transcribing agency | EG-ScBUE |
| Modifying agency | EG-ScBUE |
| 082 04 - DEWEY DECIMAL CLASSIFICATION NUMBER | |
| Classification number | 304.6 |
| Item number | RAZ |
| Edition number | 22 |
| 100 1# - MAIN ENTRY--PERSONAL NAME | |
| Personal name | Razin, Assaf. |
| 9 (RLIN) | 41886 |
| 245 10 - TITLE STATEMENT | |
| Title | Population economics / |
| Statement of responsibility, etc | Assaf Razin, Efraim Sadka. |
| 260 ## - PUBLICATION, DISTRIBUTION, ETC. (IMPRINT) | |
| Place of publication, distribution, etc | Cambridge, Mass. ; |
| -- | London : |
| Name of publisher, distributor, etc | THE MIT Press, |
| Date of publication, distribution, etc | c.1995. |
| 300 ## - PHYSICAL DESCRIPTION | |
| Extent | ix, 275 p. : |
| Other physical details | ill. ; |
| Dimensions | 24 cm. |
| 504 ## - BIBLIOGRAPHY, ETC. NOTE | |
| Bibliography, etc | Includes bibliographical references and index. |
| 505 0# - FORMATTED CONTENTS NOTE | |
| Formatted contents note | 1. Introduction. 2. Population Dynamics: Summary Indicators --<br/>I. The Microeconomics of Fertility and Child Quality. 3. Number and Quality of Children. 4. Children as a Capital Good --<br/>II. Ethical Considerations. 5. Social Evaluation of Population Size --<br/>III. Externalities and Corrective Population Policies. 6. Malthus's Hypothesis. 7. Bequests as a Public Good within Marriage. 8. Bequests and Child Education: Full Information. 9. Bequests and Child Education: Imperfect Information --<br/>IV. Income Distribution and Social Security. 10. The Intergenerational Role of Social Security. 11. Intragenerational Income Distribution Policies. 12. Inter- and Intragenerational Distribution: The Extended Role of Social Security --<br/>V. Growth and Development. 13. Engines of Growth. 14. Development and Population: A Survey --<br/>VI. Migration and Trade. 15. Empirical Regularities and Trends. 16. Factor and Goods Mobility and International Migration. 17. Normative Issues of International Migration. |
| 520 ## - SUMMARY, ETC. | |
| Summary, etc | From Malthus to Becker, the economic approach to population growth and its interactions with the surrounding economic environment has undergone a major transformation. Population Economics elucidates the theory behind this shift and the consequences for economic policy. |
| 650 #7 - SUBJECT ADDED ENTRY--TOPICAL TERM | |
| Topical term or geographic name as entry element | Fertility, Human. |
| Source of heading or term | BUEsh |
| 650 #7 - SUBJECT ADDED ENTRY--TOPICAL TERM | |
| Topical term or geographic name as entry element | Population policy. |
| Source of heading or term | BUEsh |
| 650 #7 - SUBJECT ADDED ENTRY--TOPICAL TERM | |
| Topical term or geographic name as entry element | Economic development. |
| Source of heading or term | BUEsh |
| 651 ## - SUBJECT ADDED ENTRY--GEOGRAPHIC NAME | |
| Source of heading or term | BUEsh |
| 653 ## - INDEX TERM--UNCONTROLLED | |
| Resource For college | BAEPS, Economics |
| Arrived date list | November2018 |
| 655 ## - INDEX TERM--GENRE/FORM | |
| Form subdivision | Reading book |
| 700 1# - ADDED ENTRY--PERSONAL NAME | |
| Personal name | Sadka, Efraim. |
| 9 (RLIN) | 41887 |
| 942 ## - ADDED ENTRY ELEMENTS (KOHA) | |
| Source of classification or shelving scheme | Dewey Decimal Classification |
| Withdrawn status | Item status | Source of classification or shelving scheme | Damaged status | Not for loan | Vendor | Home library | Current library | Shelving location | Date acquired | Source of acquisition | Cost, normal purchase price | Total Checkouts | Full call number | Barcode | Date last seen | Koha item type | Date last borrowed |
|---|---|---|---|---|---|---|---|---|---|---|---|---|---|---|---|---|---|
| Dewey Decimal Classification | Baccah | Central Library | Central Library | First floor | 04/11/2018 | Purchase | 550.00 | 304.6 RAZ | 000043781 | 15/07/2025 | NB - Book (Non borrowing) | ||||||
| Dewey Decimal Classification | Baccah | Central Library | Central Library | First floor | 04/11/2018 | Purchase | 1 | 304.6 RAZ | 000043782 | 15/07/2025 | Book - Borrowing | 07/07/2019 | |||||
| Dewey Decimal Classification | Baccah | Central Library | Central Library | First floor | 04/11/2018 | Purchase | 304.6 RAZ | 000043783 | 15/07/2025 | Book - Borrowing |